History Quiz

Random History or Nation Quiz

Find the Commonwealth Countries (Picture Click) Quiz Stats

Quiz not verified by Sporcle

Score 0/52 Timer 07:00
0 Plays Today
% Correct
Australia
95.2%
Canada
92.7%
India
88.7%
New Zealand
86.9%
UK
85.9%
South Africa
83.8%
Kenya
74.8%
Tanzania
73%
Botswana
72%
Fiji
72%
Pakistan
71.4%
Tonga
71.4%
Tuvalu
71%
Vanuatu
69.3%
St. Vincent
67.9%
Zambia
67.8%
Samoa
67.7%
Kiribati
67%
Solomon Islands
66.6%
Dominica
65%
Nigeria
64.1%
Nauru
64%
Trinidad and Tobago
63.1%
Jamaica
61.7%
Bangladesh
61.7%
Papua New Guinea
61.6%
% Correct
Grenada
61.6%
Namibia
60.9%
Uganda
60.2%
Barbados
59.4%
St. Lucia
59.3%
Antigua and Barbuda
57.8%
St. Kitts and Nevis
57.6%
Seychelles
56.8%
Sri Lanka
55.4%
Ghana
55.4%
Bahamas
55.2%
Malaysia
53.3%
Mozambique
50.9%
Mauritius
50.8%
Singapore
50.2%
Lesotho
49.3%
Guyana
45.9%
Belize
45.4%
Swaziland
45.1%
Malta
43.6%
Cyprus
40.8%
Malawi
39.5%
Cameroon
37.6%
Sierra Leone
37.4%
Rwanda
31.5%
Brunei
18.9%

You're not logged in!

Compare scores with friends on all Sporcle quizzes.
Sign Up with Email
OR
Log In

You Might Also Like...

Show Comments

Extras

Top Quizzes Today


Score Distribution

Your Account Isn't Verified!

In order to create a playlist on Sporcle, you need to verify the email address you used during registration. Go to your Sporcle Settings to finish the process.